000 00890nam a22002177a 4500
003 OSt
005 20251112150019.0
008 251112b |||||||| |||| 00| 0 eng d
020 _a0135700035
040 _aDWCL-Main lib
_cOC
082 _21st edition.
_aProf. 371.904 F198 2006
100 _aTom, Smith E.C. ... [ET. AL]
245 _aFamilies and children with special needs :
_bProfessional and Family Partnership
_cTom, Smith E.C. ... [ET. AL]
260 _aN. J. :
_bPearson Education Inc.,
_cc2006.
300 _axvi, 268 pages :
_billustrations ;
_c24 cm.
504 _aIncludes bibliographical references & index.
650 _21. Children with disabilities-Services of-United States.
650 _22. Children with disabilities-United States-Family relationships.
650 _23. Special education-United States-Parent participation.
942 _2ddc
_cPROF.
_e1st edition
_kPc.
_n0
999 _c5663
_d5663